000 00911nam a2200289Ia 4500
001 Para_2261
003 CHAP
008 220125s1986 xx 000 0 und d
010 _a200844
040 _cCHAP
082 _aPA 635.119 W5
100 _aWhitney, E.D., ed.
_9165695
245 _aCompendium of beet diseases and insects /
_c ed. by E.D. Whitney and James E. Duffus
260 _aMinnesota :
_b Aps press; The American Phytopathological Society
300 _a76 p.
440 _aSer. Diseases Compendium Series of the American Phytopathological Society
_9165696
650 _aRemolachas
_x enfermedades
_9165697
650 _aRemolachas
_x plagas
_9165698
700 _aDuffus, James E.
_934415
901 _aPA 635.119 W5
902 _aA
905 _a0000001986 a 0000000000 00
910 _a1986
942 _cPARA
942 _cPARA
_d1
999 _c200844
_d200844